000 00692nam a22002177a 4500
005 20251108164032.0
008 250721s1992 xx 000 0 ara d
082 1 4 _a419/بيس
100 1 _aبيستون، ف . ل
245 1 0 _aقواعد العربية الجنوبية /
264 1 _aبغداد :
_bمطبوعات المجمع العلمي العراقي،
_c1992.
300 _a150ص
650 1 7 _aاللغات العربية الجنوبية
650 1 7 _aقواعد اللغة
650 1 7 _aعلم الصرف
650 1 7 _aبناء الجمل
650 1 7 _aعلامات الترقيم
700 1 _aإسماعيل، خالد
_eترجمة
942 _2ddc
_cBK
999 _c1983
_d1983